000 00522nam a22002177a 4500
999 _c6759
_d6759
001 6759
003 BD-JhCC
005 20180129183609.0
008 180129b xxu||||| |||| 00| 0 eng d
035 _a(BD-JhCC)6759
040 _aBD-JhCC
_dBD-JhCC
041 _aeng
082 _a297
_bALI 1959
100 _aAli, K.
245 _aIslam and The Modern Workld /
_c K. Ali
260 _aEast Pakistan :
_bMullick Brother,
_c1959.
300 _a289 p. :
_c18 cm.
650 _aIslam
942 _2ddc
_cBK